000 00532nam a2200217Ia 4500
003 OSt
005 20220918175242.0
006 a|||||r|||| 00| 0
007 ta
008 220917b |||||||| |||| 00| 0 eng d
024 _a16,350
037 _cTextual
040 _aARTS
_cARTS
_beng
041 _2eng
_aeng
082 _aO:1xN1, E9
245 0 _aGeorgin poetry 1918-1919
260 _c1919
650 _aENGLISH POETRY; ENGLISH LITERATURE
_97708
942 _hO:1xN1, E9
_cTEXL
_2CC
999 _c156734
_d156734